| 000 | 00745nam a2200241 a 4500 | ||
|---|---|---|---|
| 001 | 55296 | ||
| 003 | BD-RJUL | ||
| 005 | 20211209080238.0 | ||
| 008 | 500101s1964 nju b 001 0 eng d | ||
| 035 | _a(BD-RJUL)55418 | ||
| 040 |
_aDLC _cYNG _dOCL _dBD-RJUL _beng |
||
| 041 | _aeng | ||
| 082 |
_a808.1 _223 _bKRW 1964 |
||
| 100 | 1 |
_aKrieger, Murray, _d1923- _9164745 |
|
| 245 | 1 | 2 |
_aA window to criticism : _bShakespeare's Sonnets and modern poetics / _cMurray Krieger . |
| 260 |
_aPrinceton, N.J : _bPrinceton University Press, _cc1964. |
||
| 300 |
_aix, 224 p. _c23 cm. |
||
| 500 | _aIncludes index | ||
| 600 | 1 | 0 |
_aShakespeare, William, _d1564-1616. _tSonnets. _9164427 |
| 650 | 0 |
_aPoetics _9118629 |
|
| 942 |
_2ddc _cBK |
||
| 999 |
_c55296 _d55296 |
||